Curso Antropología Cristiana
Sparad:
| Institutionell upphovsman: | |
|---|---|
| Materialtyp: | Bok |
| Språk: | spanska |
| Publicerad: |
Valparaíso
Pontificia Universidad Católica de Valparaíso
2014
|
| Ämnen: | |
| Länkar: | texto completo |
| Taggar: |
Lägg till en tagg
Inga taggar, Lägg till första taggen!
|
MARC
| LEADER | 00000cam a2200000 a 4500 | ||
|---|---|---|---|
| 001 | UCE1366 | ||
| 003 | CL-VaPUC | ||
| 008 | 140227e20140000cl |||||||||||||||||spa|d | ||
| 082 | 0 | 4 | |a 218 |b PON |2 21 |
| 110 | 2 | |a Pontificia Universidad Católica de Valparaíso |e author |9 573672 | |
| 245 | 1 | 0 | |a Curso Antropología Cristiana |
| 300 | |a 142 p | ||
| 942 | |c BK | ||
| 945 | |d 20140227 |a cmena | ||
| 260 | |a Valparaíso |b Pontificia Universidad Católica de Valparaíso |c 2014 | ||
| 650 | 0 | |a Antropología cristiana |9 408739 | |
| 650 | 0 | |a Antropología religiosa |9 474928 | |
| 650 | 0 | |a Educación superior |9 223851 | |
| 650 | 0 | |a Libros de texto |9 270019 | |
| 856 | 7 | 0 | |f UCE1366_01.pdf |q PDF |z texto completo |2 file |u http://opac.pucv.cl/pucv_txt/txt-1000/UCE1366_01.pdf |
| 583 | |a last modification |c 20140227 11:27:00 |k Rodrigo Vera | ||
| 999 | |c 355165 |d 355163 | ||
| 952 | |0 0 |1 0 |3 erb |4 0 |6 218_000000000000000_PON_2014 |7 0 |8 A |9 461577 |a BIBTEO |b BIBTEO |i 5066409 |o 218 PON 2014 |p 5066409 |r 2025-01-17 |w 2019-11-23 |y BK |z Catalogado en:20140414 |k ICR | ||
| 952 | |0 0 |1 0 |3 erb |4 0 |6 218_000000000000000_PON_2014 |7 0 |8 A |9 461582 |a BIBTEO |b BIBTEO |i 506645K |o 218 PON 2014 |p 506645K |r 2025-01-17 |w 2019-11-23 |y BK |z Catalogado en:20140414 |k ICR | ||
| 952 | |0 0 |1 0 |3 erb |4 0 |6 218_000000000000000_PON_2014 |7 0 |8 A |9 461599 |a BIBTEO |b BIBTEO |i 506662K |o 218 PON 2014 |p 506662K |r 2025-01-17 |w 2019-11-23 |y BK |z Catalogado en:20140414 |k ICR | ||
| 952 | |0 0 |1 0 |3 erb |4 0 |6 218_000000000000000_PON_2014 |7 0 |8 A |9 461608 |a BIBTEO |b BIBTEO |i 5066719 |o 218 PON 2014 |p 5066719 |r 2025-01-17 |w 2019-11-23 |y BK |z Catalogado en:20140414 |k ICR | ||
| 952 | |0 0 |1 0 |3 erb |4 0 |6 218_000000000000000_PON_2014 |7 0 |8 A |9 461617 |a BIBTEO |b BIBTEO |i 505916K |o 218 PON 2014 |p 505916K |r 2025-01-17 |w 2019-11-23 |y BK |z Catalogado en:20140414 |k ICR | ||
| 952 | |0 0 |1 0 |3 erb |4 0 |6 218_000000000000000_PON_2014 |7 0 |8 A |9 461633 |a BIBTEO |b BIBTEO |i 506709K |o 218 PON 2014 |p 506709K |r 2025-01-17 |w 2019-11-23 |y BK |z Catalogado en:20140414 |k ICR | ||
| 952 | |0 0 |1 0 |3 erb |4 0 |6 218_000000000000000_PON_2014 |7 0 |8 A |9 461637 |a BIBTEO |b BIBTEO |i 5067138 |o 218 PON 2014 |p 5067138 |r 2025-01-17 |w 2019-11-23 |y BK |z Catalogado en:20140414 |k ICR | ||
| 952 | |0 0 |1 0 |3 erb |4 0 |6 218_000000000000000_PON_2014 |7 0 |8 A |9 461647 |a BIBTEO |b BIBTEO |i 506693K |o 218 PON 2014 |p 506693K |r 2025-01-17 |w 2019-11-23 |y BK |z Catalogado en:20140414 |k ICR | ||
| 952 | |0 0 |1 0 |3 erb |4 0 |6 218_000000000000000_PON_2014 |7 0 |8 A |9 461672 |a BIBTEO |b BIBTEO |i 5067332 |o 218 PON 2014 |p 5067332 |r 2025-01-17 |w 2019-11-23 |y BK |z Catalogado en:20140605 |k ICR | ||
| 952 | |0 0 |1 0 |3 erb |4 0 |6 218_000000000000000_PON_2014 |7 0 |8 A |9 461682 |a BIBTEO |b BIBTEO |i 506743K |o 218 PON 2014 |p 506743K |r 2025-01-17 |w 2019-11-23 |y BK |z Catalogado en:20140605 |k ICR | ||